000 00750nam a2200289Ia 4500
005 20260324121612.0
008 008 260324s9999 xx 000 0 eng d
020 _a9781315881560
037 _aEBOOK
040 _aCRL
040 _beng
040 _cCRL
041 _2eng
041 _aeng
084 _qCRL
100 _aMichael S. Goodman
_91163141
245 4 _aThe Official History of the Joint Intelligence Committee
245 0 _bVolume I: From the Approach of the Second World War to the Suez Crisis
260 _bTaylor and Francis
260 _c2014
365 _a
365 _b255
856 _uhttp://www.taylorfrancis.com/books/9781315881560
942 _cEBOOK
999 _c1755367
_d1755367